[Event "GRE-ARM"]
[Site "Athens"]
[Date "1996.??.??"]
[Round "3"]
[White "Khalafian, Erua"]
[Black "Fakhiridou, Ekaterini"]
[Result "0-1"]
[WhiteElo "2140"]
[BlackElo "2170"]

1.e4 c5 2.Nf3 Nc6 3.d4 cxd4 4.Nxd4 Qc7 5.Nb5 Qb8 6.c4 Nf6 7.N5c3 b6 8.f4 Bb7
9.Be3 h5 10.Be2 h4 11.Nd2 e5 12.O-O Bc5 13.Bxc5 bxc5 14.f5 Nd4 15.Nd5 Bxd5
16.cxd5 Qxb2 17.Bd3 Nxf5 18.Rxf5 Qd4+ 19.Kh1 Qxd3 20.Rxe5+ Kf8 21.Qe1 d6
22.Rf5 Re8 23.Qf2 Kg8 24.h3 c4 25.Rf3 Qc2 26.Qd4 Nxe4 27.Nxc4 Ng3+ 28.Kh2 Re4
29.Qxa7 Rxc4 30.Qxf7+ Kh7 31.Re1 Rb8 32.Re7 Qg6 33.Qxg6+ Kxg6 34.Re6+ Kh7
35.Rxd6 Rb1  0-1

[Event "GRE-ARM"]
[Site "Athens"]
[Date "1996.??.??"]
[Round "3"]
[White "Mkrtchan, Lilit"]
[Black "Botsari Miladinovic, Anna Maria"]
[Result "0-1"]
[WhiteElo "2195"]
[BlackElo "2335"]

1.e4 c5 2.Nf3 Nc6 3.d4 cxd4 4.Nxd4 Qc7 5.Nc3 e6 6.Be2 a6 7.O-O Nf6 8.Be3 Bb4
9.Bd3 h5 10.h3 Bd6 11.Nxc6 bxc6 12.f4 e5 13.f5 Rb8 14.Bc4 Bb4 15.Qd3 a5 16.Rad1 Bb7
17.Bb3 Qc8 18.Na4 Ba6 19.c4 d5 20.exd5 cxd5 21.Nb6 Rxb6 22.Bxb6 Bc5+ 23.Bxc5 Qxc5+
24.Kh1 O-O 25.Rfe1 d4 26.a3 Rd8 27.Ba2 Bb7 28.b4 axb4 29.axb4 Qc6 30.Qf1 e4
31.c5 Qa4 32.Qc4 Bd5 33.Rxd4 Bxc4 34.Rxd8+ Kh7 35.Bxc4 Qxb4 36.Rc1 Qxc5 37.Rdd1 Qe7
38.Rc3 h4 39.Be2 Qe5 40.Rb3 Qxf5 41.Rf1 Qd5 42.Rb2 Kg6 43.Rc1 Qd4 44.Rbc2 Qe3
45.Rd1 Kh6 46.Bc4 Kg6 47.Rf1 Qd4 48.Ba2 Qd3 49.Rcc1 Qd2 50.Bc4 Qd7 51.Rb1 Qc7
52.Rbc1 Qe5 53.Rb1 Qe7 54.Ra1 Kh6 55.Rac1 e3 56.Rce1 Qc5 57.Bxf7 Ne4 58.Rf4 Ng3+
59.Kg1 g5 60.Rf3 e2+ 61.Rf2 Qd4  0-1

[Event "GRE-chT"]
[Site "Athens"]
[Date "1996.??.??"]
[Round "5"]
[White "Kofidis, Andreas"]
[Black "Grivas, Efstratios"]
[Result "1-0"]
[WhiteElo "2360"]
[BlackElo "2500"]

1.e4 c5 2.Nf3 Nc6 3.d4 cxd4 4.Nxd4 Qb6 5.Nb3 Nf6 6.Nc3 e6 7.Bd3 d6 8.O-O a6
9.Be3 Qc7 10.f4 b5 11.Qf3 b4 12.Na4 Rb8 13.Rac1 Be7 14.c4 Bb7 15.c5 d5 16.e5 Nd7
17.Qh3 h5 18.Nb6 g6 19.Rc2 Rd8 20.Nxd7 Qxd7 21.Nd4 Rg8 22.Qf3 Rb8 23.Qe2 Nxd4
24.Bxd4 Qc6 25.b3 Kf8 26.Ra1 Kg7 27.a3 bxa3 28.Rxa3 Ra8 29.b4 Rgb8 30.Rca2 Qc7
31.f5 gxf5 32.Bxf5 Rh8 33.Bd3 Rab8 34.Qd2 Qd7 35.Be2 h4 36.h3 Rh6 37.Rf3 Rg6
38.Bd3 Rg5 39.Qc3 Rg8 40.Raf2 Rf8 41.Rf4 Rg3 42.R2f3 Rg5 43.Qd2 Rh5 44.Qf2 Bg5
45.Rg4 Rg8 46.Qf1 Kf8 47.Bxa6 Rg7 48.Qb5 Qxb5 49.Bxb5 Bd2 50.Rxg7 Kxg7 51.Be8  1-0

[Event "GRE-chT"]
[Site "Athens"]
[Date "1996.??.??"]
[Round "6"]
[White "Prentos, Konstantinos"]
[Black "Grivas, Efstratios"]
[Result "0-1"]
[WhiteElo "2270"]
[BlackElo "2500"]

1.e4 c5 2.Nf3 Nc6 3.d4 cxd4 4.Nxd4 Qb6 5.Nb3 Nf6 6.Nc3 e6 7.Bd3 d6 8.O-O a6
9.Kh1 Be7 10.f4 Qc7 11.Bd2 b5 12.Qf3 O-O 13.Rae1 b4 14.Ne2 a5 15.Nbd4 Ba6
16.c4 bxc3 17.Bxc3 Bxd3 18.Qxd3 Nb4 19.Qb1 Rfc8 20.a3 Nc6 21.Nxc6 Qxc6 22.Nd4 Qb7
23.Nf3 d5 24.Ng5 dxe4 25.Nxe4 Nd5 26.Bd4 g6 27.Qd3 Rd8 28.Qf3 Qd7 29.Rc1 Qa4
30.Qf2 Rac8 31.Nc5 Qb5 32.Ne4 Qd3 33.Ng5 Rxc1 34.Rxc1 Qf5 35.Qh4 h5 36.Rf1 Rc8
37.Qf2 e5 38.fxe5 Qxf2 39.Bxf2 Bxg5 40.Bd4 Rc2  0-1

[Event "GRE-ch"]
[Site "Athens"]
[Date "1996.??.??"]
[Round "7"]
[White "Kofidis, Andreas"]
[Black "Grivas, Efstratios"]
[Result "0-1"]
[WhiteElo "2360"]
[BlackElo "2500"]

1.e4 c5 2.Nf3 Nc6 3.d4 cxd4 4.Nxd4 Qb6 5.Nb3 Nf6 6.Nc3 e6 7.Bd3 d6 8.O-O a6
9.Kh1 Be7 10.f4 Qc7 11.Qf3 O-O 12.Bd2 b5 13.e5 dxe5 14.fxe5 Nxe5 15.Bf4 Nxf3
16.Bxc7 Nh4 17.Na5 Bd7 18.a4 b4 19.Ne4 Nd5 20.Bd6 Nf5 21.Bxe7 Nfxe7 22.Nc5 Bc8
23.Nc4 a5 24.Nd6 Nf6 25.Bb5 Ra7 26.Nc4 h5 27.Rad1 Nf5 28.Rd3 g6 29.Ne5 Rc7
30.Nc6 e5 31.Nb3 e4 32.Rd2 e3 33.Re2 Bb7 34.Nbxa5 Ba8 35.Nxb4 Rd8 36.Bd3 Ne4
37.Kg1 Rd4 38.Na6 Re7 39.Nc4 Nf2 40.Rfxf2 exf2+ 41.Kxf2 Rxe2+ 42.Bxe2 Rf4+
43.Kg1 Nd4 44.Bf1 Nxc2 45.Nc7 Bb7 46.a5 Rf6 47.Nb6 Nb4 48.b3 Rc6 49.Nb5 Rc1
50.Nd4 Ba6 51.Nc4 Ra1 52.Kf2 Kf8 53.Be2 Bxc4 54.Bxc4 Rxa5 55.Kf3 Ke7 56.h4 f6
57.g3 Re5 58.Kf4 Re1 59.Nf3 Rd1 60.Ke3 Nc6 61.Nd2 Ne5 62.Be2 Rc1 63.Ne4 Rb1
64.Nd2 Rg1 65.Kf2 Rc1 66.b4 Rc2 67.Ke3 Rc3+ 68.Kf2 Ng4+ 69.Ke1 Rc1+ 70.Bd1 Ne3
71.Ke2 Nxd1 72.Nb3 Rc3  0-1

[Event "GRE-chT"]
[Site "Athens"]
[Date "1996.??.??"]
[Round "7"]
[White "Pavlovic, Milos"]
[Black "Miladinovic, Igor"]
[Result "1-0"]
[WhiteElo "2505"]
[BlackElo "2535"]

1.e4 c5 2.Nf3 Nc6 3.d4 cxd4 4.Nxd4 Qc7 5.Nc3 e6 6.Be2 a6 7.O-O Nf6 8.a4 Bb4
9.Qd3 Qd6 10.Rd1 Nxd4 11.Qxd4 Qxd4 12.Rxd4 Bc5 13.Rd3 d6 14.a5 Bd7 15.Bf4 e5
16.Bg5 Be6 17.Bxf6 gxf6 18.Nd5 Bxd5 19.Rxd5 Ke7 20.Rd3 b6 21.axb6 Rhb8 22.Rh3 Rxb6
23.b3 Rh8 24.Kf1 h6 25.Bc4 Rb7 26.Rxa6 Ra7 27.Rxa7+ Bxa7 28.Rg3 Kf8 29.b4 Bb6
30.Bd5 Bd4 31.Ke2 h5 32.h4 Bb6 33.Ra3 Ke7 34.Ra6 Rb8 35.c3 f5 36.exf5 Kf6
37.f3 Kxf5 38.Bxf7 Kf4 39.Bxh5 Kg3 40.Bf7 Kxh4 41.Bd5 Kg3 42.Ra8 Rxa8 43.Bxa8 Kxg2
44.Be4 Kg3 45.Kd3 Kf2 46.Kc4 Ke2 47.Kb5  1-0

[Event "GRE-chT"]
[Site "Athens"]
[Date "1996.??.??"]
[Round "9"]
[White "Arakhamia, Ketevan"]
[Black "Miladinovic, Igor"]
[Result "0-1"]
[WhiteElo "2455"]
[BlackElo "2535"]

1.e4 c5 2.Nf3 Nc6 3.d4 cxd4 4.Nxd4 Qc7 5.Nc3 e6 6.Be2 a6 7.O-O Nf6 8.Kh1 Bb4
9.Bg5 Qd6 10.Nxc6 Qxd1 11.Nxd1 bxc6 12.e5 Ne4 13.Be3 f6 14.f3 Ng5 15.Bxg5 fxg5
16.Nf2 Rf8 17.Bd3 g6 18.Ne4 Be7 19.Rae1 a5 20.a4 Kd8 21.g4 Rb8 22.b3 Kc7
23.Kg2 Rb4 24.Bc4 Rxc4 25.bxc4 Ba6 26.Rf2 Bxc4 27.Rd1 Bd5 28.Rfd2 c5 29.Rxd5 exd5
30.Nc3 Kc6 31.Nxd5 Bd8 32.c4 Re8 33.Re1 Bc7 34.h4 h6 35.hxg5 hxg5 36.Nf6 Rxe5
37.Rxe5 Bxe5 38.Nd5 Kd6 39.Kf1 Bd4 40.Ke2 Ke5 41.Nb6 Bg1 42.Kd3 Kf4 43.Nxd7 Kxf3
44.Ne5+ Kf4 45.Nc6 Kxg4 46.Nxa5 Kh3 47.Nc6 Bh2 48.a5 g4 49.a6 g3 50.Ne5 g2
51.Nf3 Bb8 52.Ke4 Kg3 53.Ng1 g5 54.Kd5 g4 55.Kc6 Kf2 56.Kb7 Kxg1 57.Kxb8 Kf1
58.a7 g1=Q 59.a8=Q Qh2+  0-1

[Event "AUT-chT2S 9697"]
[Site "Austria"]
[Date "1996.??.??"]
[Round "3"]
[White "Kronig, G."]
[Black "Schroecker, Maria Luise"]
[Result "0-1"]
[WhiteElo "2045"]
[BlackElo "2140"]

1.e4 c5 2.Nf3 Nc6 3.d4 cxd4 4.Nxd4 Qc7 5.Nc3 e6 6.Be3 Nf6 7.Bd3 a6 8.O-O Be7
9.Qe2 d6 10.f4 Nxd4 11.Bxd4 e5 12.Be3 b5 13.a3 Bb7 14.h3 O-O 15.Rad1 Rfe8
16.g4 d5 17.exd5 Bxa3 18.g5 exf4 19.gxf6 Rxe3 20.Bxh7+ Kxh7 21.Qh5+ Kg8 22.fxg7 Rg3+
23.Kh1 Rxg7 24.Rg1 Bf8 25.Ne4 Qe7 26.Qf5 Qh4 27.Rg5 Rxg5 28.Nxg5 Qh5 29.Rg1 Bg7
30.Qd7 Rb8 31.Kh2 f3 32.Qc7 Re8 33.Qxb7 f2  0-1

[Event "AUT-chT2S 9697"]
[Site "Austria"]
[Date "1996.??.??"]
[Round "3"]
[White "Kotz, Heinz Peter"]
[Black "Ivanusa, Bogumir"]
[Result "1-0"]
[WhiteElo "2190"]
[BlackElo "2275"]

1.e4 c5 2.Nf3 Nc6 3.d4 cxd4 4.Nxd4 Qc7 5.Nc3 e6 6.g3 a6 7.Bg2 b5 8.O-O Bb7
9.Re1 d6 10.a4 b4 11.Nd5 Qa5 12.Bd2 Nxd4 13.Bxb4 Qd8 14.Qxd4 exd5 15.e5 dxe5
16.Rxe5+ Ne7 17.Rae1 a5 18.Bxe7 Bxe7 19.Rxe7+ Qxe7 20.Rxe7+ Kxe7 21.Qc5+ Kd7
22.Bh3+  1-0

[Event "AUT-chT9596"]
[Site "?"]
[Date "1996.??.??"]
[Round "?"]
[White "Kindermann, Stefan"]
[Black "Horvath, Jozsef"]
[Result "1/2-1/2"]
[WhiteElo "2575"]
[BlackElo "2505"]

1.e4 c5 2.Nf3 Nc6 3.d4 cxd4 4.Nxd4 Qc7 5.Nc3 e6 6.Be3 a6 7.Bd3 Nf6 8.O-O Nxd4
9.Bxd4 Bc5 10.Bxc5 Qxc5 11.Kh1 b5 12.a3 Bb7 13.f4 d6 14.Qe2 e5 15.fxe5 dxe5
16.Rf5 O-O 17.a4 b4 18.Nd5 Nxd5 19.exd5 Qxd5 20.Rxe5 Qd4 21.Rf1 Qxb2 22.Re7 Bc6
23.Bc4 Kh8 24.a5 f5 25.Bxa6 Be4 26.Bb7 Bxb7 27.Rxb7 Rxa5 28.Qe7 Raa8 29.Qxb4 Qxc2
30.Qb2 Qxb2 31.Rxb2 Rf7 32.Rfb1 g6 33.Rb8+ Rxb8 34.Rxb8+ Kg7 35.Kg1 Ra7 36.Kf2 Kf6
37.h3 h5 38.Rb6+ Kg5 39.h4+ Kh6 40.g3 Ra4  1/2-1/2

[Event "AUT-chT2S 9596"]
[Site "AUT"]
[Date "1996.??.??"]
[Round "?"]
[White "Bodner, Alfred"]
[Black "Schroecker, Hans Peter"]
[Result "0-1"]
[WhiteElo "2005"]
[BlackElo "2150"]

1.e4 c5 2.Nf3 Nc6 3.d4 cxd4 4.Nxd4 Qc7 5.c3 Nf6 6.f3 e5 7.Nb5 Qb8 8.Be3 a6
9.N5a3 b5 10.Be2 Be7 11.O-O O-O 12.g4 d6 13.Nc2 Be6 14.Nd2 d5 15.g5 Nh5 16.exd5 Bxd5
17.Ne4 Rd8 18.Qe1 Nf4 19.Bxf4 exf4 20.h4 Ne5 21.Kg2 Qb7 22.Nd4 Bxe4 23.fxe4 Bc5
24.Rd1 f5 25.gxf6 Qxe4+ 26.Bf3 Qg6+ 27.Kh3 Nxf3 28.Qe6+ Kh8 29.fxg7+ Qxg7
30.Rxf3 Rg8 31.Rd2 Rae8 32.Qf5 Re1 33.Qxf4 Rh1+ 34.Rh2 Qg2+  0-1

[Event "AUT-ch"]
[Site "AUT"]
[Date "1996.??.??"]
[Round "3"]
[White "Wittmann, Walter"]
[Black "Sommerbauer, Norbert"]
[Result "0-1"]
[WhiteElo "2370"]
[BlackElo "2350"]

1.e4 c5 2.Nf3 Nc6 3.d4 cxd4 4.Nxd4 Qc7 5.Nc3 e6 6.Be2 a6 7.f4 b5 8.Nxc6 Qxc6
9.Bf3 Bb7 10.Be3 Qc7 11.Qd4 Ne7 12.O-O Rc8 13.Kh1 Ng6 14.f5 Ne5 15.Bf4 Nxf3
16.Rxf3 Qc5 17.Qd2 b4 18.Rd1 d6 19.fxe6 fxe6 20.Nd5 exd5 21.exd5 Be7 22.Re1 Qxd5
23.Qe3 O-O 24.Qxe7 Rxf4  0-1

[Event "Wch Seniors"]
[Site "Bad Liebenzell"]
[Date "1996.??.??"]
[Round "6"]
[White "Klovans, Janis"]
[Black "Rosen, Willy"]
[Result "1-0"]
[WhiteElo "2530"]
[BlackElo "2270"]

1.e4 c5 2.Nf3 Nc6 3.d4 cxd4 4.Nxd4 Qb6 5.Nb3 Nf6 6.Nc3 e6 7.Bd3 Be7 8.O-O a6
9.a4 Qc7 10.a5 Bb4 11.Qe2 d6 12.Bd2 O-O 13.f4 Bd7 14.Na4 Bxd2 15.Qxd2 Ne7
16.Nb6 Rad8 17.Rae1 Bc6 18.Qf2 d5 19.e5 Ne4 20.Bxe4 dxe4 21.Qc5 Nd5 22.Rxe4 f5
23.Rd4 Qf7 24.Nxd5 Bxd5 25.c4 Rc8 26.Qb4 Be4 27.Qc3 g5 28.fxg5 Qg7 29.Qg3 Kh8
30.Nd2 Rfd8 31.Rxd8+ Rxd8 32.Nxe4 fxe4 33.Qf4 Rd4 34.b3 Rd3 35.Qxe4 Rxb3
36.h4 Qc7 37.Kh2 Rc3 38.Qf4 Qe7 39.h5  1-0

[Event "Balatonbereny"]
[Site "Balatonbereny"]
[Date "1996.??.??"]
[Round "8"]
[White "Varga, Zoltan"]
[Black "Horvath, Jozsef"]
[Result "1/2-1/2"]
[WhiteElo "2540"]
[BlackElo "2505"]

1.e4 c5 2.Nf3 Nc6 3.d4 cxd4 4.Nxd4 Qc7 5.Nc3 e6 6.Be3 a6 7.Bd3 Nf6 8.O-O Ne5
9.h3 Bc5 10.Na4 Ba7 11.c4 d6 12.Rc1 Bd7 13.Nc3 O-O 14.b3 Bc5 15.Nc2 Qa5 16.Bxc5 dxc5
17.Ne1 Bc6 18.Qe2 Rfd8 19.Bb1 Ng6 20.e5 Ne8 21.f4 Rd4 22.Ne4 Rad8 23.Nf3 Nxf4
24.Qe3 Ng6 25.b4 Qxb4 26.Nxd4 cxd4 27.Qg5 Rd7 28.Qh5  1/2-1/2

[Event "Tan Cup"]
[Site "Beijing"]
[Date "1996.??.??"]
[Round "6"]
[White "Wang Zili"]
[Black "Gufeld, Eduard"]
[Result "0-1"]
[WhiteElo "2535"]
[BlackElo "2445"]

1.e4 c5 2.Nf3 Nc6 3.d4 cxd4 4.Nxd4 Qb6 5.Nb3 Nf6 6.Nc3 e6 7.Bd3 Be7 8.Be3 Qc7
9.f4 d6 10.O-O a6 11.a4 b6 12.Qf3 Bb7 13.Kh1 O-O 14.Qh3 Rad8 15.Rae1 Nb4
16.Nd4 d5 17.e5 Ne4 18.Bg1 Bc5 19.Rf3 Rfe8 20.Qh4 Nxd3 21.cxd3 Be7 22.Qg4 Nxc3
23.Rc1 f5 24.Qh5 Bc5 25.bxc3 Qf7 26.Qxf7+ Kxf7 27.Rb1 Rc8 28.Rff1 Bc6 29.Nxc6 Rxc6
30.Rb3 Rec8 31.Rc1 b5 32.axb5 axb5 33.Bxc5 Rxc5 34.d4 Rc4 35.Rxb5 Rxd4 36.Rb7+ Kg6
37.h3 Rxf4 38.Ra1 Re4 39.Raa7 Rg8 40.Kg1 Rxe5 41.Kf2 Re4 42.Re7 h6 43.Rac7 h5
44.Rc6 Kf6 45.Rd7 Re5 46.Rcc7 h4 47.Rf7+ Kg6 48.Rfd7 Re4 49.Rc6 Kg5 50.Re7 e5
51.Rd6 Ra8 52.Kf3 g6 53.Ree6 Rf4+ 54.Ke3 d4+ 55.Kd3 Re4 56.Rxg6+ Kf4 57.cxd4 Ra3+
58.Kd2 exd4 59.Rh6 Kg3 60.Rh5 Kxg2 61.Rxf5 Rxh3 62.Rdf6 Ra3 63.Rf2+ Kg3 64.Rf1 Rg4
65.Rg1+ Kh3 66.Rh1+ Kg2 67.Rff1 Rgg3 68.Kc2 Ra2+ 69.Kb1 Rf2 70.Rd1 Rg4 71.Kc1 Kf3
72.Rh3+ Kg2 73.Rhh1 Rgf4 74.Rdg1+ Kf3 75.Re1 Kg4 76.Reg1+ Kf5 77.Rd1 Rg2
78.Rde1 d3 79.Re8 Rc4+ 80.Kd1 Kf6 81.Rf1+ Kg7 82.Re7+ Kg6 83.Re8 h3 84.Rg8+ Kh7
85.Rd8 Ra4  0-1

[Event "Lee Cup"]
[Site "Beijing"]
[Date "1996.??.??"]
[Round "6"]
[White "Tong Yuanming"]
[Black "Liang Jinrong"]
[Result "1-0"]
[WhiteElo "2500"]
[BlackElo "2425"]

1.e4 c5 2.Nf3 Nc6 3.d4 cxd4 4.Nxd4 Qc7 5.Nc3 e6 6.f4 a6 7.Be3 b5 8.Qf3 Bb7
9.Bd3 Nf6 10.O-O-O Nb4 11.Kb1 Rc8 12.g4 d6 13.g5 Nd7 14.h4 e5 15.Nde2 exf4
16.Bxf4 Ne5 17.Bxe5 dxe5 18.Nd5 Bxd5 19.exd5 Nxd3 20.cxd3 Bd6 21.Rc1 Qd7
22.Rxc8+ Qxc8 23.Ng3 O-O 24.Nf5 Qd7 25.h5 Rd8 26.Rf1 Bf8 27.h6 Kh8 28.hxg7+ Bxg7
29.Rh1 Qxd5 30.Rxh7+ Kxh7 31.Qh3+ Kg8 32.Ne7+ Kf8 33.Nxd5 Rxd5 34.Qc8+ Ke7
35.Qb7+ Rd7 36.Qxa6 Rxd3 37.Qb7+ Rd7 38.Qxb5 f6 39.gxf6+ Bxf6 40.a4 Ke6 41.a5 e4
42.Qc6+  1-0

[Event "Tan Cup"]
[Site "Beijing"]
[Date "1996.??.??"]
[Round "8"]
[White "Peng Xiaomin"]
[Black "Liang Jinrong"]
[Result "0-1"]
[WhiteElo "2490"]
[BlackElo "2425"]

1.e4 c5 2.Nf3 Nc6 3.d4 cxd4 4.Nxd4 Qc7 5.Nc3 e6 6.Be2 a6 7.O-O Nf6 8.Kh1 Bc5
9.Nb3 Be7 10.f4 d6 11.a4 b6 12.Bf3 Bb7 13.Be3 O-O 14.g4 Rfe8 15.g5 Nd7 16.Bg2 Bf8
17.Qh5 g6 18.Qh4 Nb4 19.Rf2 d5 20.e5 Nc5 21.Nd4 Ne4 22.Nxe4 dxe4 23.Re2 Red8
24.Bg1 Rd7 25.Qg3 Rad8 26.c3 Nd3 27.Qe3 Bc5 28.Qg3 Bxd4 29.Bxd4 Rxd4 30.cxd4 Rxd4
31.Qe3 Rb4 32.h4 Bd5 33.Kh2 a5 34.h5 gxh5 35.Rf1 Rxa4 36.Qh3 Rc4 37.Qxh5 Rc1
38.Re3 Rxf1 39.Rh3 Rxf4 40.Qxh7+ Kf8 41.g6 Qxe5  0-1

[Event "Belgrade"]
[Site "Belgrade"]
[Date "1996.??.??"]
[Round "9"]
[White "Zontakh, Andrey"]
[Black "Matulovic, Milan"]
[Result "1/2-1/2"]
[WhiteElo "2580"]
[BlackElo "2435"]

1.e4 c5 2.Nf3 Nc6 3.d4 cxd4 4.Nxd4 Qc7 5.Nc3 e6 6.Be3 a6 7.Bd3 Nf6 8.O-O b5
9.Qe2 Bb7 10.Kh1 Be7 11.f4 d6 12.a4 b4 13.Na2 Nxd4 14.Bxd4 e5 15.Bg1 a5 16.c3 bxc3
17.Bb5+ Bc6 18.Nxc3 Bxb5 19.Nxb5 Qb7 20.Rfc1 Rc8 21.Rxc8+ Qxc8 22.Na7 Qd7
23.fxe5 dxe5 24.Rd1 Qxa4 25.b3 Qxb3 26.Nc6 Qb7 27.Nxa5 Qb8 28.Nc6 Qc7 29.Nxe7 Kxe7
30.Qb5 Rc8 31.Bb6 Qc6 32.Qxe5+ Kf8 33.Bd4 Qxe4 34.Qd6+ Qe7 35.Qxe7+ Kxe7
36.Re1+ Kd6 37.Bxf6 gxf6 38.h3 f5 39.Kh2  1/2-1/2

[Event "Belgrade"]
[Site "Belgrade"]
[Date "1996.??.??"]
[Round "10"]
[White "Pikula, Dejan"]
[Black "Delchev, Aleksander"]
[Result "1-0"]
[WhiteElo "2455"]
[BlackElo "2505"]

1.e4 c5 2.Nf3 Nc6 3.d4 cxd4 4.Nxd4 Qb6 5.Nb3 Nf6 6.Nc3 e6 7.Bd3 d6 8.Be3 Qc7
9.f4 a6 10.Qf3 b5 11.O-O-O Nb4 12.Kb1 Bb7 13.a3 Nxd3 14.cxd3 d5 15.Bd4 dxe4
16.Nxe4 Be7 17.Rc1 Qd7 18.Bxf6 gxf6 19.Qg3 f5 20.Qg7 Qxd3+ 21.Ka1 Bxe4 22.Qxh8+ Kd7
23.Qxa8 Bxa8 24.Rhd1 Qxd1 25.Rxd1+ Bd6 26.g3 Ke7 27.Rc1 Bd5 28.Nd4 Kd7 29.Rd1 Be4
30.b4 f6 31.Nb3 Bd5 32.Kb2 h5 33.Kc3 Bxb3 34.Kxb3 e5 35.Kc3 Ke6 36.Rf1 Bc7
37.Kd3 Bb6 38.Rc1 Kd7 39.a4 bxa4 40.Ra1 Kc7 41.Kc4  1-0

[Event "Berliner Sommer"]
[Site "Berlin"]
[Date "1996.??.??"]
[Round "5"]
[White "Florath, Patrick"]
[Black "Rabiega, Robert"]
[Result "0-1"]
[WhiteElo "2295"]
[BlackElo "2475"]

1.e4 c5 2.Nf3 Nc6 3.d4 cxd4 4.Nxd4 Qb6 5.Nb3 Nf6 6.Nc3 e6 7.Be3 Qc7 8.Bd3 Be7
9.f4 d6 10.O-O a6 11.a4 O-O 12.Qf3 b6 13.Rad1 Bb7 14.Qh3 Nb4 15.e5 dxe5 16.fxe5 Qxe5
17.Bd4 Qh5 18.Qxh5 Nxh5 19.Bxb6 Nf6 20.Rd2 Rac8 21.Be2 Nfd5 22.Nxd5 Bxd5
23.Bd1 Bg5 24.Rdf2 Bc4 25.Be2 Bxe2 26.Rxe2 Rxc2 27.Rxc2 Nxc2 28.Rd1 Rb8 29.a5 Ne3
30.Rd7 Nd5 31.Ra7 Nxb6 32.axb6 Be3+ 33.Kf1 Bxb6 34.Rxa6 Bc7 35.Nc5 h5 36.Nd3 Bxh2
37.Kf2 Rb3 38.Ra8+ Kh7 39.Rd8 e5 40.Rd5 g6 41.Nxe5 Rxb2+ 42.Kf3 Bxe5 43.Rxe5 Rb3+
44.Kf2 h4  0-1

[Event "Bern op"]
[Site "Bern"]
[Date "1996.??.??"]
[Round "6"]
[White "Dervishi, Erald"]
[Black "Bellon Lopez, Juan Manuel"]
[Result "1-0"]
[WhiteElo "2290"]
[BlackElo "2505"]

1.e4 c5 2.Nf3 Nc6 3.d4 cxd4 4.Nxd4 Qb6 5.Nb3 Nf6 6.Nc3 e6 7.Be3 Qc7 8.Bd3 d6
9.O-O a6 10.f4 Be7 11.Qf3 O-O 12.Rae1 b5 13.g4 g6 14.g5 Nh5 15.Ne2 f6 16.Ng3 Nxg3
17.Qxg3 fxg5 18.fxg5 e5 19.a3 Be6 20.Nd2 Na5 21.Rxf8+ Rxf8 22.Rf1 Nc4 23.Rxf8+ Bxf8
24.Bxc4 bxc4 25.Bf2 Be7 26.h4 d5 27.exd5 Bxd5 28.Qe3 c3 29.bxc3 Bb7 30.c4 a5
31.c5 Qc6 32.Kf1 Qd5 33.Ke1 a4 34.c4 Qh1+ 35.Ke2 e4 36.Qf4 Bf8 37.Qg4 e3
38.Qe6+ Kh8 39.Qe5+ Kg8 40.Qe6+ Kh8 41.Bxe3 Qxh4 42.Qd7  1-0

[Event "SLO-chT"]
[Site "Bled"]
[Date "1996.??.??"]
[Round "1"]
[White "Gabor, M."]
[Black "Simic, Dragan"]
[Result "1/2-1/2"]
[WhiteElo "2125"]
[BlackElo "2300"]

1.e4 c5 2.Nf3 Nc6 3.d4 cxd4 4.Nxd4 Qc7 5.Nc3 e6 6.Be2 a6 7.Be3 Nf6 8.a4 Bb4
9.f3 d5 10.O-O Nxd4 11.Qxd4 Bxc3 12.bxc3 O-O 13.e5 Nd7 14.f4 Nb8 15.Rf3 Nc6
16.Qd3 Ne7 17.a5 Bd7 18.Rh3 Ng6 19.Bb6 Qc4 20.Qxc4 dxc4 21.Rf1 Rfc8 22.Re3 Ne7
23.Re4 Bb5 24.g4 Nd5 25.Bd4 Bc6 26.Bf3 Ne7 27.Ree1 Bxf3 28.Rxf3 Nd5 29.Rb1 Rc7
30.Rff1 Rd7 31.Kg2 Rc8 32.Kf3 Kf8 33.h4 Ke7 34.h5 Kd8 35.f5 Kc7 36.Ke4 Re8
37.Ra1 Kb8 38.Ra4 Rc8 39.Raa1 Nc7 40.Rf3 Nd5 41.Raf1 Kc7 42.g5  1/2-1/2

[Event "SLO-chT"]
[Site "Bled"]
[Date "1996.??.??"]
[Round "2"]
[White "Vodopivec, Vladimir"]
[Black "Simic, Dragan"]
[Result "1/2-1/2"]
[WhiteElo "1990"]
[BlackElo "2300"]

1.e4 c5 2.Nf3 Nc6 3.d4 cxd4 4.Nxd4 Qc7 5.Nc3 e6 6.Ndb5 Qb8 7.a3 a6 8.Nd4 Bc5
9.Be3 Qa7 10.Nxc6 bxc6 11.Bxc5 Qxc5 12.Qd2 a5 13.O-O-O Nf6 14.Qd4 Qxd4 15.Rxd4 d5
16.exd5 cxd5 17.Bb5+ Bd7 18.Bxd7+ Kxd7 19.Re1 Kc6 20.Na4 Kb5 21.Re3 Rab8
22.Rb3+ Kc6 23.Rxb8 Rxb8 24.c4 Nd7 25.cxd5+ exd5 26.Kc2 Kd6 27.b4 axb4 28.axb4 g5
29.Nc3 Nb6 30.h4 h6 31.hxg5 hxg5 32.f4 gxf4 33.Rxf4 Ke6 34.Kd3 Rg8 35.g4 f6
36.Rd4 Ke5 37.Ke3 Rc8 38.Kd3 Rc4 39.Rxc4 dxc4+ 40.Ke3 Nd7  1/2-1/2

[Event "Bled op"]
[Site "Bled"]
[Date "1996.??.??"]
[Round "4"]
[White "Djeno, Mara"]
[Black "Simic, Dragan"]
[Result "0-1"]
[WhiteElo "2200"]
[BlackElo "2330"]

1.e4 c5 2.Nf3 Nc6 3.d4 cxd4 4.Nxd4 Qc7 5.c4 Qe5 6.Be3 Qxe4 7.Nc3 Qe5 8.Be2 e6
9.O-O a6 10.Qd2 Bc5 11.Nf3 Bxe3 12.fxe3 Qa5 13.a3 Nf6 14.b4 Qc7 15.e4 O-O
16.Qg5 h6 17.Qh4 Ne5 18.c5 b6 19.Na4 bxc5 20.Nxc5 Ng6 21.Qe1 d6 22.Nb3 Qb6+
23.Kh1 Nxe4 24.Bd3 d5 25.Bxe4 dxe4 26.Qxe4 Bb7 27.Qg4 Bd5 28.Nc5 Rfd8 29.Rae1 a5
30.Ne5 Nxe5 31.Rxe5 axb4 32.axb4 Ra2 33.Ne4 Kh8 34.Qh4 f5 35.Rxd5 Rxd5 36.Nc3 Rd4
37.Qe7 Rc2 38.Nd1 Rdd2  0-1

[Event "Bled op"]
[Site "Bled"]
[Date "1996.??.??"]
[Round "6"]
[White "Armanda, Ivica"]
[Black "Simic, Dragan"]
[Result "1-0"]
[WhiteElo "2235"]
[BlackElo "2330"]

1.e4 c5 2.Nf3 Nc6 3.d4 cxd4 4.Nxd4 Qc7 5.Nc3 e6 6.Be3 a6 7.Be2 Nf6 8.O-O Be7
9.Kh1 O-O 10.f4 d6 11.Qe1 Bd7 12.Qg3 Kh8 13.Rae1 b5 14.a3 Na5 15.e5 Ne8 16.f5 dxe5
17.fxe6 exd4 18.Bf4 Nd6 19.Nd5 Qc5 20.Nxe7 Ne4 21.Qf3 Qxe7 22.Qxe4 Bxe6 23.Be5 Rae8
24.Qxd4 f6 25.Bd6 Qd7 26.Qb6 Rg8 27.Bf4 Nc4 28.Qc5 Nxb2 29.Bh5 Rc8 30.Qf2 Bd5
31.Bc1 Nc4 32.Qh4 Ne5 33.Rxe5 fxe5 34.Bg6 Bxg2+ 35.Kxg2 Rxc2+ 36.Bxc2 g6
37.Qe4 Qd6 38.Bb2 Re8 39.Re1 Kg8 40.Bb3+ Kf8 41.Rf1+ Kg7 42.Rf7+ Kh8 43.Bxe5+ Rxe5
44.Rf8+ Kg7 45.Rg8+ Kf6 46.Qf4+  1-0

[Event "SLO-chT"]
[Site "Bled"]
[Date "1996.??.??"]
[Round "6"]
[White "Roskar, Robert"]
[Black "Simic, Dragan"]
[Result "1/2-1/2"]
[WhiteElo "2200"]
[BlackElo "2300"]

1.e4 c5 2.Nf3 Nc6 3.d4 cxd4 4.Nxd4 Qc7 5.Nc3 e6 6.Be2 a6 7.O-O Nf6 8.Be3 Bb4
9.Bd3 Ne5 10.Nde2 O-O 11.h3 b5 12.a4 Bxc3 13.Nxc3 b4 14.Ne2 d6 15.Qd2 a5
16.Nd4 Nc4 17.Bxc4 Qxc4 18.f3 Ba6 19.Rfd1 Rfc8 20.Rac1 d5 21.e5 Nd7 22.Bf4 Nb6
23.Qf2 Qc7 24.b3 Nd7 25.Qg3 Kh8 26.h4 Nb8 27.h5 h6 28.Qe1 Nc6 29.Qe3 Nxd4
30.Rxd4 Kh7 31.g4 Qb6 32.Qf2 Rc3 33.Rd2 Qxf2+ 34.Kxf2 Rac8 35.Be3 R3c6 36.Bd4 Kg8
37.Ke3 Kf8 38.Rf2 Ke7 39.Kd2 Rb8 40.Rd1 Rbc8 41.Kc1 R8c7 42.Kb2 Bc8 43.f4 Bd7
44.Rg1 Rc8 45.Rg3 g6 46.hxg6 fxg6 47.Rh3 h5 48.gxh5 gxh5 49.Rxh5 Rf8 50.c3 bxc3+
51.Bxc3 Ra6 52.Rh7+ Rf7 53.Rxf7+ Kxf7 54.Rc2 Kg6 55.Bd2 Kf5 56.Rc5 Be8 57.Ka3 Ke4
58.Rxa5 Rxa5 59.Bxa5 Kxf4 60.b4 d4 61.b5 Kxe5 62.Kb4 Kd6 63.Bd8 Kd7 64.Bf6 Kc7
65.Bxd4 Kb7 66.Kc5 Bh5  1/2-1/2

[Event "POL-ch (Women)"]
[Site "Brzeg Dolny"]
[Date "1996.??.??"]
[Round "2"]
[White "Iwaniuk, Dorota"]
[Black "Blimke, Dalia"]
[Result "1-0"]
[WhiteElo "2090"]
[BlackElo "2150"]

1.e4 c5 2.Nf3 Nc6 3.d4 cxd4 4.Nxd4 Qc7 5.Nc3 e6 6.Be3 a6 7.Bd3 Nf6 8.O-O Nxd4
9.Bxd4 Bc5 10.Bxf6 gxf6 11.Qg4 b5 12.Qg7 Rf8 13.Qxf6 Be7 14.Qf3 Bb7 15.Qe2 Rg8
16.a4 b4 17.Nd1 Bd6 18.g3 h5 19.Qxh5 O-O-O 20.Qe2 Qc6 21.Ne3 f5 22.Nc4 Bc7
23.Nd2 f4 24.c3 b3 25.Nf3 Rg7 26.Nd4 Qd6 27.Rae1 fxg3 28.hxg3 Rh8 29.Nf3 Rxg3+
30.fxg3 Qxg3+ 31.Qg2 Bb6+ 32.Nd4 Qxd3 33.Qg7 Qh3 34.Rf8+ Rxf8 35.Qxf8+ Kc7
36.Qf4+ Kc8 37.Re3 Qh5 38.Qf8+ Kc7 39.Qf2 Qd1+ 40.Re1 Qg4+ 41.Qg2 Qxg2+ 42.Kxg2 Bxd4
43.cxd4 Kb6 44.Kf3 Ka5 45.Kf4 Bc6 46.Ke5 Bxa4 47.Kd6 Kb6 48.Ra1 Bc6 49.Ra3 Bxe4
50.Rxb3+ Ka5 51.Kxd7 Bd5 52.Re3 Kb4 53.Rxe6 a5 54.Re5 Kc4 55.Kd6 Bf3 56.Rxa5 Kxd4
57.Rc5  1-0

[Event "Schneider mem op "]
[Site "Budapest"]
[Date "1996.??.??"]
[Round "?"]
[White "Racz, Zoltan"]
[Black "Szekeres, Tibor"]
[Result "1-0"]
[WhiteElo "2210"]
[BlackElo "2255"]

1.e4 c5 2.Nf3 Nc6 3.d4 cxd4 4.Nxd4 Qc7 5.Nb5 Qb8 6.c4 Nf6 7.Bd3 a6 8.N5c3 e6
9.O-O Qc7 10.f4 d6 11.Be3 Be7 12.Na3 O-O 13.Rc1 Nb4 14.Be2 Nd7 15.Nc2 Nc6
16.Nd4 Bf6 17.a3 Nxd4 18.Bxd4 Bxd4+ 19.Qxd4 Nc5 20.Rcd1 Rd8 21.b4 Nb3 22.Qe3 b5
23.cxb5 a5 24.b6 Qb8 25.Na4 Bd7 26.Qxb3 axb4 27.Nb2 Qxb6+ 28.Kh1 Rxa3 29.Nc4 Rxb3
30.Nxb6 Bc6 31.Bf3 Bb5 32.Rfe1 Rc3 33.Be2 Bc6 34.Rd4 b3 35.Rd3 Rxd3 36.Bxd3 d5
37.exd5 exd5 38.Rb1 Re8 39.Kg1 g5 40.fxg5 Re5 41.Rxb3 Rxg5 42.g3 Re5 43.Rc3 Re6
44.Rc5 d4 45.Nd5 Kg7 46.Nf4 Rh6 47.Rf5 Rd6 48.Rg5+ Kh8 49.Bc4 h6 50.Ra5 Rd7
51.Kf2 Kg7 52.Nd3 f6 53.Ra6 Bh1 54.Nc5 Re7 55.Ne6+  1-0

[Event "Budapest FS07 IM"]
[Site "Budapest"]
[Date "1996.??.??"]
[Round "1"]
[White "Czebe, Attila"]
[Black "Knezevic, Bojan"]
[Result "1/2-1/2"]
[WhiteElo "2345"]
[BlackElo "2380"]

1.e4 c5 2.Nf3 Nc6 3.d4 cxd4 4.Nxd4 Qb6 5.Nb5 a6 6.Be3 Qd8 7.Nd4 Nf6 8.Nc3 e5
9.Nf5 d5 10.exd5 Nb4 11.Ng3 Nfxd5 12.Nxd5 Qxd5 13.Qxd5 Nxd5 14.Bc4 Be6 15.Bxd5 Bxd5
16.O-O Rc8 17.Rfc1 g6 18.Rd1 Bc6 19.f4 Bg7 20.fxe5 Bxe5 21.Bd4  1/2-1/2